1540 1602 1894 1102 1342 1433 1594 1820 1236 1736 1047 1942 1682 1074 1225 1192 1717 1511 1804 1357 1990 1892 1632 1370 1903 1356 1631 1262 1913 1516 1801 1903 1502 1128 1027 1452 1275 1601 1054 1775 1078 1909 1429 1021 1507 1480 1244 1826 1796 1052 1439 1841 1848 1621 1413 1861 1528 1201 1940 1299 1760 1754 1161 1751 1533 1781 1307 1686 1062 1057 1704 1968 1686 1188 1390 1071 1266 1154 1405 1384 1708 1910 1785 1169 1903 1322 1144 1838 1458 1455 1513 1999 1352 1206 1057 1696 1756 1781 1201 BCNSPRNW ULIB Ver.6.0+V

เปลี่ยนเป็นภาษาไทย

Change to English
 แสดงรายละเอียดบรรณานุกรม
  กลับหน้าหลัก

Brief Record : Get Marc (ISO 2709) : E-mail record : QR code < ปิดหน้าต่าง
LEADER : 00000nam 2200000uu 4500
001    13399122414
003     ULIB
008    130418s||||||||th 000 0 tha d
020    ^a9786110600880
090    ^aนว.^bค181 2552
100 0  ^aรวมนักเขียน
245 00 ^aความรู้สึกดีที่เรียกว่ารัก : เข็นความรักของฉันมาให้ ส่งถึงหน้าประตูหัวใจของเธอ/^cรวมนักเขียน
250    ^aพิมพ์ครั้งที่ 2
260    ^aกรุงเทพฯ :^bแจ่มใส,^c2552
300    ^a239 หน้า
710 1  ^aแจ่มใส
945    ^p149^l0^i026032
995    ^aกัณชพร
999 ^a ใช้งานได้ทุกระบบ
รายการนี้ยังไม่มีแท็ก
คุณยังไม่ได้ล็อกอิน คุณสามารถมีกิจกรรมร่วมกับเว็บไซต์ได้ แต่ต้องล็อกอินก่อน ::
  ล็อกอิน

รายการสื่อสารสนเทศ

ลำดับที่ ประเภท เลขเรียก/บาร์โค้ด สถานที่ สถานะ
1. นวนิยาย
นวนิยาย
นว. ค181 2552  
  Barcode: 026032
ห้องสมุดวิทยาเขตสวรรค์ประชารักษ์
►นวนิยาย
บนชั้น
  ขอยืม

รายการใกล้เคียง
    ผู้แต่ง [รวมนักเขียน]

BibComment


ยังไม่เคยถูกคอมเมนท์

คอมเมนท์ทรัพยากรรายการนี้
  คอมเมนท์: ความรู้สึกดีที่เ..


 Copyright 2026. Bcnsprnw @Library